000 00737nam a2200289Ia 4500
005 20260324132816.0
008 008 260324s9999 xx 000 0 eng d
020 _a9780203375334
037 _aEBOOK
040 _aCRL
040 _beng
040 _cCRL
041 _2eng
041 _aeng
084 _qCRL
100 _aHans-Jörg Rheinberger; Jean-Paul Gaudillière
_91190700
245 0 _aFrom Molecular Genetics to Genomics
245 4 _bThe Mapping Cultures of Twentieth-Century Genetics
260 _bTaylor and Francis
260 _c2004
365 _a
365 _b160
856 _uhttp://www.taylorfrancis.com/books/9780203375334
942 _cEBOOK
999 _c1789125
_d1789125